Statistics for City to Country by Letter: C

Click here to take the quiz!

General Stats

  • This quiz has been taken 32 times
  • The average score is 18 of 27

Answer Stats

CityCountry% Correct
CasablancaMorocco
100%
CalgaryCanada
97%
CorkIreland
97%
ChristchurchNew Zealand
97%
CalaisFrance
90%
ChennaiIndia
87%
CagliariItaly
87%
ColomboSri Lanka
87%
CádizSpain
83%
CorfuGreece
77%
Corpus ChristiUnited States
77%
ConakryGuinea
73%
CastriesSt. Lucia
73%
CebuPhilippines
70%
CairnsAustralia
67%
ChangshaChina
63%
CuritibaBrazil
57%
CaliColombia
57%
CotonouBenin
53%
Cluj-NapocaRomania
50%
CuernavacaMexico
47%
ChangwonSouth Korea
43%
ConstantineAlgeria
37%
ChattogramBangladesh
33%
CochabambaBolivia
33%
CabindaAngola
30%
ChitaRussia
23%

Score Distribution

Percentile by Number Answered

Percent of People with Each Score

Your Score History

You have not taken this quiz